|
|
|
|
| LEADER |
00000cam a2200000 a 4500 |
| 001 |
vtls001060351 |
| 003 |
SK-MaSNL |
| 005 |
20260301110715.0 |
| 008 |
231120s1989 xo a frn 10000 slo |
| 015 |
|
|
|a SNBA1990/03
|
| 020 |
|
|
|q (brožované)
|
| 035 |
|
|
|a SNK000003179
|
| 035 |
|
|
|a 6D8FEFC3-4ACE-4F27-94C8-B04DD7D5F009
|
| 035 |
|
|
|a urn:nbn:sk:snk-am00iezq
|
| 040 |
|
|
|a SNK
|b slo
|c SNK
|e AACR2
|
| 041 |
0 |
|
|a slo
|
| 044 |
|
|
|a xo
|c SK
|
| 072 |
|
7 |
|a 007
|x Teória systémov. Automatické systémy. Kybernetika. Informačné systémy
|2 konspekt
|
| 080 |
|
|
|a 007+004
|2 2011
|
| 080 |
|
|
|a (082)
|2 2011
|
| 111 |
2 |
|
|a Aktuálne otázky racionalizácie práce s informáciami
|d (1989 :
|c Starý Smokovec, Slovensko)
|4 aut
|9 449200
|
| 245 |
1 |
0 |
|a Aktuálne otázky racionalizácie práce s informáciami
|b zborník prednášok zo seminára : Hotel Bellevue - Starý Smokovec, 5.-6. decembra 1989
|
| 250 |
|
|
|a 1. vyd.
|
| 260 |
|
|
|a Košice
|b Dom techniky ČSVTS
|c 1989
|e Košice
|f Dom techniky ČSVTS
|
| 300 |
|
|
|a 88 s.
|b schémy
|c 21 cm
|
| 366 |
|
|
|e 140 výtl.
|
| 504 |
|
|
|a Obsahuje bibliografické odkazy
|
| 546 |
|
|
|a Obsahuje články aj v češtine
|
| 650 |
0 |
7 |
|a informačné systémy
|2 SNKPH
|9 1128
|
| 650 |
0 |
7 |
|a Information systems
|2 SNKPHeng
|9 100187
|
| 655 |
|
7 |
|a zborníky
|2 SNKPH
|9 70165
|
| 655 |
|
7 |
|a Papers of several authors
|2 SNKPHeng
|9 153738
|
| 852 |
|
|
|a Slovenská národná knižnica
|
| 954 |
|
|
|a odborná, vedecká literatúra pôvodná (slovenská)
|2 lita
|
| 958 |
|
|
|a OND
|
| 958 |
|
|
|a NB
|
| 958 |
|
|
|a CZ
|
| 958 |
|
|
|a RM
|
| 958 |
|
|
|a KL
|
| 958 |
|
|
|a EUIPO
|
| 999 |
|
|
|c 703915
|d 705845
|
| 952 |
|
|
|a SNK
|b SNK
|y NEVYP
|7 0
|p 17A0070834
|0 0
|1 1
|4 0
|d 1997-07-22
|l 0
|r 2004-12-31 00:00:00
|w 2026-02-23
|
| 952 |
|
|
|a SNK
|b SNK
|y VYP
|7 0
|p 17A0671938
|o snkSC 76359 D1
|i snkKSP 2633/90
|3 rekatalogizácia
|0 0
|1 0
|4 0
|d 2010-10-12
|l 0
|r 2026-02-23 21:07:28
|w 2026-02-23
|
| 952 |
|
|
|a SNK
|b SNK
|y PREZ
|7 0
|p 17A0997778
|o snkSC 76359
|i snkKSP 1231/90
|0 0
|1 0
|4 0
|d 2012-08-10
|f 1
|l 0
|r 2026-02-23 21:07:28
|w 2026-02-23
|